Know it all, find it fast (Record no. 105538)
[ view plain ]
| 000 -LEADER | |
|---|---|
| fixed length control field | 00973cam a2200241 4500 |
| 001 - CONTROL NUMBER | |
| control field | ##L134092 |
| 008 - FIXED-LENGTH DATA ELEMENTS--GENERAL INFORMATION | |
| fixed length control field | 060710n2004 000 0 eng u |
| 020 ## - INTERNATIONAL STANDARD BOOK NUMBER | |
| International Standard Book Number | 185604534X |
| 035 ## - SYSTEM CONTROL NUMBER | |
| System control number | (Sirsi) u134092 |
| 041 0# - LANGUAGE CODE | |
| Language code of text/sound track or separate title | eng |
| 050 04 - LIBRARY OF CONGRESS CALL NUMBER | |
| Classification number | 025.52 $2 18 |
| 100 1# - MAIN ENTRY--PERSONAL NAME | |
| Personal name | Duckett, Bob |
| 245 00 - TITLE STATEMENT | |
| Title | Know it all, find it fast |
| Remainder of title | an A-Z source guide for the enquiry desk |
| 250 ## - EDITION STATEMENT | |
| Edition statement | 2nd ed. |
| 260 ## - PUBLICATION, DISTRIBUTION, ETC. | |
| Place of publication, distribution, etc. | London |
| Name of publisher, distributor, etc. | Facet Publishing |
| Date of publication, distribution, etc. | 2004 |
| 300 ## - PHYSICAL DESCRIPTION | |
| Extent | 368p. |
| Dimensions | 24cm. |
| 350 ## - PRICE (NR) (BK AM CF MU VM SE) [OBSOLETE] | |
| Price | 26.95 |
| 520 ## - SUMMARY, ETC. | |
| Summary, etc. | Intended as a first point of reference for answering enquiries in a library, and laid out A to Z by subject. Starts with general sources, and then for each subject, covers commonly available sources in print format, electronic format (mostly free web sites) and useful contacts for referral purposes. Advises on common pitfalls. |
| 690 ## - LOCAL SUBJECT ADDED ENTRY--TOPICAL TERM (OCLC, RLIN) | |
| Topical term or geographic name as entry element | RICS SERVICES-RICS LIBRARY AND INFORMATION SERVICES |
| 700 1# - ADDED ENTRY--PERSONAL NAME | |
| Personal name | Walker, Peter |
| 700 1# - ADDED ENTRY--PERSONAL NAME | |
| Personal name | Donnelly, Christinea |
| 942 ## - ADDED ENTRY ELEMENTS (KOHA) | |
| Suppress in OPAC | 0 |
| Withdrawn status | Lost status | Source of classification or shelving scheme | Damaged status | Not for loan | Home library | Current library | Shelving location | Date acquired | Cost, normal purchase price | Total Checkouts | Full call number | Barcode | Date last seen | Copy number | Cost, replacement price | Price effective from | Koha item type |
|---|---|---|---|---|---|---|---|---|---|---|---|---|---|---|---|---|---|
| Dewey Decimal Classification | London | London | Books | 28/07/2006 | 29.95 | 025.52 DUC | 30073152 | 06/08/2019 | 1 | 29.95 | 06/08/2019 | Reference material |